Collecting Recipes: Byzantine and Jewish Pharmacology in Dialogue (Record no. 89708)
[ view plain ]
| 000 -LEADER | |
|---|---|
| fixed length control field | 00998nam a2200241Ia 4500 |
| 000 - LEADER | |
| fixed length control field | 01302naaa 00337uu |
| 001 - CONTROL NUMBER | |
| control field | https://directory.doabooks.org/handle/20.500.12854/31901 |
| 008 - FIXED-LENGTH DATA ELEMENTS--GENERAL INFORMATION | |
| fixed length control field | 211013s9999 xx 000 0 und d |
| 024 ## - OTHER STANDARD IDENTIFIER | |
| Standard number or code | 10.1515/9781501502538 |
| 042 ## - AUTHENTICATION CODE | |
| Authentication code | dc |
| 245 #0 - TITLE STATEMENT | |
| Title | Collecting Recipes: Byzantine and Jewish Pharmacology in Dialogue |
| 260 ## - PUBLICATION, DISTRIBUTION, ETC. | |
| Name of publisher, distributor, etc. | De Gruyter |
| Date of publication, distribution, etc. | 2017 |
| 520 ## - SUMMARY, ETC. | |
| Summary, etc. | Intercultural history of knowledge and science; Late Antique pharmacology/ pharmacotherapy; Talmudic Medicine; Greek medical encyclopedias |
| 540 ## - TERMS GOVERNING USE AND REPRODUCTION NOTE | |
| Terms governing use and reproduction | All rights reserved |
| 653 ## - INDEX TERM--UNCONTROLLED | |
| Uncontrolled term | Intercultural history of knowledge and science |
| 700 1# - ADDED ENTRY--PERSONAL NAME | |
| Personal name | Lehmhaus, Lennart |
| 700 1# - ADDED ENTRY--PERSONAL NAME | |
| Personal name | Lehmhaus, Lennart |
| 700 1# - ADDED ENTRY--PERSONAL NAME | |
| Personal name | Martelli, Matteo |
| 700 1# - ADDED ENTRY--PERSONAL NAME | |
| Personal name | Martelli, Matteo |
| 856 ## - ELECTRONIC LOCATION AND ACCESS | |
| Uniform Resource Identifier | <a href="https://docs.google.com/spreadsheets/d/1yKIrdCPDAG_9c22mwoOIO2DOhtj65Wqa/edit?usp=sharing&ouid=106555315294820607512&rtpof=true&sd=true ">https://docs.google.com/spreadsheets/d/1yKIrdCPDAG_9c22mwoOIO2DOhtj65Wqa/edit?usp=sharing&ouid=106555315294820607512&rtpof=true&sd=true </a> |
| Link text | List of Curated E-Books |
| 942 ## - ADDED ENTRY ELEMENTS (KOHA) | |
| Koha item type | E-Book |
No items available.